Ipswich Town Best Scorer By Year - Statistics

General Stats
  • This quiz has been taken 103 times
    28 since last reset
  • The average score is 5 of 19
Answer Stats
Player % Correct
Liam Delap
92%
John Wark
50%
Paul Mariner
50%
Alan Brazil
38%
Marcus Stewart
38%
Trevor Whymark
38%
Eric Gates
33%
Chris Kiwomya
29%
Kevin Wilson
25%
Marcus Bent
25%
Ray Crawford
25%
Colin Viljoen
17%
Ian Marshall
17%
Claus Thomsen
13%
John O'Rourke
13%
Rod Belfitt
13%
Bryan Hamilton
8%
Gerry Baker
8%
Mick Hill
8%
No matching quizzes found
Score Distribution
Percent of People with Each Score
Percentile by Number Answered
Your Score History
You have not taken this quiz since the last reset